000
00236nam a2200097Ia 4500
001
1037861
005
20250826231832.0
008
250824s9999 xx 000 0 und d
245
0
_a
KENDİNİ BULMAK
_c
İHSAN FAZLIOĞLU
260
_b
KETEBE
999
_c
1037861
_d
1037861